| 000 | 00473nam a2200145Ia 4500 | ||
|---|---|---|---|
| 003 | GCL | ||
| 005 | 20240530102924.0 | ||
| 008 | 140319s9999 xx 000 0 ara d | ||
| 040 |
_aGCL / _cGCL |
||
| 082 | 0 | 4 |
_a810.93 _bا ع |
| 100 | 0 | _aاحمد الطويلى | |
| 245 | 1 | 0 |
_aعبدالله بن المقفع : دراسة ومنتخبات / _cاحمد الطويلى |
| 260 |
_a[S.N] : _bمؤسسات عبد الكريم بن عبد الله ، _c1991 |
||
| 942 |
_2ddc _cBK |
||
| 999 |
_c35376 _d35376 |
||